Análisis y elaboración de estrategias para el fortalecimiento de una PYME en el giro restaurantero en la zona metropolitana de Guadalajara /

Αποθηκεύτηκε σε:
Λεπτομέρειες βιβλιογραφικής εγγραφής
Κύριος συγγραφέας: Chávez Jáuregui, Imelda (autor)
Μορφή: Thesis Βιβλίο
Γλώσσα:Ισπανικά
Θέματα:
Ετικέτες: Προσθήκη ετικέτας
Δεν υπάρχουν, Καταχωρήστε ετικέτα πρώτοι!

MARC

LEADER 00000nam^a2200000^a^4500
001 000318497
005 20250521000000.0
009 20260310113414.004
037 |a Acervo ITESO - Biblioteca 
041 |a ESP 
090 |a MAD. 292 
100 |a Chávez Jáuregui, Imelda  |e (autor) 
245 1 0 |a Análisis y elaboración de estrategias para el fortalecimiento de una PYME en el giro restaurantero en la zona metropolitana de Guadalajara /  |c I. Chávez Jáuregui. 
264 |a Guadalajara, México :  |b edición de autor,  |c 2012 
300 |a 1 disco compacto de computadora 
336 |a datos para computadora  |b cod  |2 rdacontenido 
337 |a computadora  |b c  |2 rdamedio 
338 |a disco de computadora  |b cd  |2 rdasoporte 
502 |a ITESO Tesis de Maestría en Administración 
649 |a XX 
650 |a Cafeterías y Restaurantes -  |z Guadalajara, Jalisco -  |x Tema Principal 
650 |a Cafeterías y Restaurantes -  |z Jalisco 
650 |a Cafeterías y Restaurantes -  |z México 
650 |a Pequeña Empresa -  |z Guadalajara, Jalisco -  |x Administración 
650 |a Pequeña Empresa -  |z Jalisco -  |x Administración 
650 |a Pequeña Empresa -  |z México -  |x Administración 
650 |a Estrategia en los Negocios -  |x Tema Principal 
650 |a Estrategia Mercadotécnica 
650 |a Mercadotecnia 
650 |a Administración 
650 |a Ciencias Administrativas 
910 |a Fondo General 
920 |a Electrónicos - Tesis del ITESO en Disco 
905 |a 202 
901 |a 0500205844  |b IT2  |c STS  |i D57458  |u 20250521 
902 |a https://opac.biblio.iteso.mx/vufind/Record/000318497